<?xml version="1.0" encoding="UTF-8"?>
<record
    xmlns:xsi="http://www.w3.org/2001/XMLSchema-instance"
    xsi:schemaLocation="http://www.loc.gov/MARC21/slim http://www.loc.gov/standards/marcxml/schema/MARC21slim.xsd"
    xmlns="http://www.loc.gov/MARC21/slim">

  <leader>00890nam a2200289Ia 4500</leader>
  <datafield tag="999" ind1=" " ind2=" ">
    <subfield code="c">6380</subfield>
    <subfield code="d">6380</subfield>
  </datafield>
  <controlfield tag="001">56476067</controlfield>
  <controlfield tag="003">OCoLC</controlfield>
  <controlfield tag="005">20190116184857.0</controlfield>
  <controlfield tag="008">040909s1987    tnu      b    000 0 eng d</controlfield>
  <datafield tag="020" ind1=" " ind2=" ">
    <subfield code="a">0785247831</subfield>
  </datafield>
  <datafield tag="040" ind1=" " ind2=" ">
    <subfield code="a">PBE</subfield>
    <subfield code="c">PBE</subfield>
    <subfield code="d">BLC</subfield>
  </datafield>
  <datafield tag="082" ind1=" " ind2=" ">
    <subfield code="a">REF 221.7</subfield>
    <subfield code="b">A425P</subfield>
  </datafield>
  <datafield tag="090" ind1=" " ind2=" ">
    <subfield code="a">BS1151.2</subfield>
    <subfield code="b">.P743</subfield>
  </datafield>
  <datafield tag="090" ind1=" " ind2=" ">
    <subfield code="a">BS491.2</subfield>
    <subfield code="b">.P74 v.10</subfield>
  </datafield>
  <datafield tag="100" ind1="1" ind2=" ">
    <subfield code="a">Allen, Leslie C.</subfield>
  </datafield>
  <datafield tag="245" ind1="1" ind2="0">
    <subfield code="a">1, 2 Chronicles /</subfield>
    <subfield code="c">Leslie Allen ; Lloyd J. Ogilvie, general editor.</subfield>
  </datafield>
  <datafield tag="246" ind1="3" ind2="4">
    <subfield code="a">1 and 2 Chronicles</subfield>
  </datafield>
  <datafield tag="246" ind1="3" ind2=" ">
    <subfield code="a">First, Second Chronicles</subfield>
  </datafield>
  <datafield tag="260" ind1=" " ind2=" ">
    <subfield code="a">Nashville, Tenn. :</subfield>
    <subfield code="b">Thomas Nelson,</subfield>
    <subfield code="c">c1987.</subfield>
  </datafield>
  <datafield tag="300" ind1=" " ind2=" ">
    <subfield code="a">414 p. ;</subfield>
    <subfield code="c">23 cm.</subfield>
  </datafield>
  <datafield tag="490" ind1="1" ind2=" ">
    <subfield code="a">Preacher's commentary series ;</subfield>
    <subfield code="v">v. 10</subfield>
  </datafield>
  <datafield tag="504" ind1=" " ind2=" ">
    <subfield code="a">Includes bibliographical references.</subfield>
  </datafield>
  <datafield tag="630" ind1="0" ind2="0">
    <subfield code="a">Bible.</subfield>
    <subfield code="p">Chronicles</subfield>
    <subfield code="v">Commentaries.</subfield>
  </datafield>
  <datafield tag="700" ind1="1" ind2=" ">
    <subfield code="a">Ogilvie, Lloyd John.</subfield>
  </datafield>
  <datafield tag="830" ind1=" " ind2="0">
    <subfield code="a">Preacher's commentary series ;</subfield>
    <subfield code="v">v. 10.</subfield>
  </datafield>
  <datafield tag="942" ind1=" " ind2=" ">
    <subfield code="2">ddc</subfield>
    <subfield code="c">REF</subfield>
  </datafield>
  <datafield tag="952" ind1=" " ind2=" ">
    <subfield code="0">0</subfield>
    <subfield code="1">0</subfield>
    <subfield code="2">ddc</subfield>
    <subfield code="4">0</subfield>
    <subfield code="7">1</subfield>
    <subfield code="8">REF</subfield>
    <subfield code="a">HMC</subfield>
    <subfield code="b">HMC</subfield>
    <subfield code="c">REF</subfield>
    <subfield code="d">2019-01-16</subfield>
    <subfield code="g">3650.00</subfield>
    <subfield code="l">0</subfield>
    <subfield code="o">REF 221.7 A425P</subfield>
    <subfield code="p">006925</subfield>
    <subfield code="r">2019-01-16 00:00:00</subfield>
    <subfield code="w">2019-01-16</subfield>
    <subfield code="y">REF</subfield>
  </datafield>
</record>
